000
00307nam a2200109Ia 4500
008
200302s9999 xx 000 0 und d
100
_a
S.K. Solomon
245
_a
Reinforced Concrete design limit state method Part 2
260
_b
C BC Publishers and Distributors Pvt., Ltd.,
260
_c
2012
300
_a
2016
999
_c
3856
_d
3856